Los bravos / (Registro nro. 32540)
[ vista simple ]
| 000 -CABECERA | |
|---|---|
| campo fijo de control de longitud | 00723cam a2200229 4500 |
| 001 - NÚMERO DE CONTROL | |
| campo de control | 32540 |
| 003 - IDENTIFICADOR DEL NÚMERO DE CONTROL | |
| campo de control | AR-RoBPED |
| 005 - FECHA Y HORADE LA ULTIMA TRANSACCION | |
| campo de control | 20260410110333.0 |
| 008 - ELEMENTOS DE LONGITUD FIJA--INFORMACION GENERAL | |
| campo fijo de control de longitud | 260409t1971 |||||||| |||| 00| 1 spa d |
| 040 ## - FUENTE CATALOGADORA | |
| Centro catalogador/agencia de origen | AR-RoBPED |
| 041 ## - IDIOMA | |
| Código de idioma para texto/pista de sonido o título independiente | spa |
| 100 ## - ENCABEZAMIENTO PRINCIPAL--AUTOR PERSONAL | |
| Nombre de persona | Fernández Santos, Jesús |
| Fechas nac-muerte | 1926-1988 |
| 9 (RLIN) | 30663 |
| 245 ## - TITULO | |
| Título | Los bravos / |
| Mención de responsabilidad | Jesús Fernández Santos ; prólogo de Carmen Martin Gaite |
| 260 ## - PUBLICACION | |
| Lugar | Navarra : |
| Editor | Salvat, |
| Fecha | 1971. |
| 300 ## - DESCRIPCION FISICA | |
| Extensión | 192 p. |
| 490 0# - SERIE | |
| Mención de serie | (Biblioteca Básica Salvat ; |
| Designación de volumen o secuencia | 93) |
| 650 #4 - TERMINO DE MATERIA--CONTROLADO | |
| Término controlado | LITERATURA ESPAÑOLA |
| 9 (RLIN) | 687 |
| Término controlado | NOVELAS |
| 9 (RLIN) | 25 |
| 700 ## - ENCABEZAMIENTO SECUNDARIO--AUTOR PERSONAL | |
| Nombre de persona | Martín Gaite, Carmen |
| 9 (RLIN) | 30703 |
| Función | prol. |
| 942 ## - ELEMENTOS KOHA | |
| Fuente de clasificación | Universal Decimal Classification |
| Número Koha | k. 32540 |
| Koha tipo de ítem | Libro |
| Clasificación | 860-31 |
| Signatura librística | FS 38 |
| Inventario | Inv. 42367 |
| 945 ## - PROCESAMIENTO DE LA INFORMACIÓN LOCAL | |
| Catalogador y fecha | mm 09/04/2026 mev 10/04/2026 |
| Estado retirado | Estado perdido | Fuente de clasificación | Estado dañado | No se presta | Biblioteca propietaria | Biblioteca de reserva | Fecha de adquisición | Procedencia | Total de préstamos | Signatura topográfica completa | Código de barras (nº de inventario) | Fecha visto por última vez | Catalogador y fecha | Tipo de ítem Koha | Nota pública |
|---|---|---|---|---|---|---|---|---|---|---|---|---|---|---|---|
| Universal Decimal Classification | Biblioteca Pedagógica Eudoro Díaz | Biblioteca Pedagógica Eudoro Díaz | 06/04/2026 | Donación | 860-31 FS 38 | 42367 | 09/04/2026 | mm 09/04/2026 | Libro | Se presta 15 días. |